00446nam a22001217a 4500003000400000082001800004100001200022245014200034260004400176300000700220650003900227653005800266SGT a617.645bT23N aNishima aTo compare the clinical success rate of two systems of full-coronal restoration for primary maxillary anterior teethbA split-mouth study aGurugram, HaryanabSGT Universityc2023 a66 aPediatric and Preventive Dentistry aPediatric and Preventive Dentistry; split mouth study